Vegyes nézetek és mondások

Elmentve itt :
Bibliográfiai részletek
Szerző: Nietzsche, Friedrich Wilhelm
További közreműködők: Óvári Csaba
Adatforrás:Philobibl
Dokumentumtípus: Könyv
Nyelv:magyar
Kulcsszavak:filozófia, német
aforizma
Megjelent: Máriabesnyő Attraktor 2012
Online elérés:előfizetéssel hozzáférhető
LEADER 00696nam a2200169 c 4500
001 bibPHI0043611
005 20221124092647.5
008 120903s2012 hu b 0000c hun d
100 1 |a Nietzsche, Friedrich Wilhelm 
245 1 0 |a Vegyes nézetek és mondások  |c Friedrich Wilhelm Nietzsche ; [ford., a jegyzeteket és az utószót írta Óvári Csaba] 
260 |a Máriabesnyő  |b Attraktor  |c 2012 
300 |a 141 p. 
500 |a Megj. "Emberi, nagyon is emberi" címmel is 
695 |a filozófia, német 
695 |a aforizma 
700 1 |a Óvári Csaba 
856 4 1 |3 Full text  |u https://www.szaktars.hu/attraktor/view/nietzsche-friedrich-wilhelm-vegyes-nezetek-es-mondasok-2012/  |z előfizetéssel hozzáférhető